Raja Radhikaraman prasadsingh / (Record no. 12325)
[ view plain ]
| 000 -LEADER | |
|---|---|
| fixed length control field | 00422cam a2200157ua 4500 |
| 041 ## - LANGUAGE CODE | |
| Language code of text/sound track or separate title | hin |
| 082 ## - DEWEY DECIMAL CLASSIFICATION NUMBER | |
| Classification number | 891.54 |
| Item number | PAD/RA |
| 100 ## - MAIN ENTRY--AUTHOR NAME | |
| Personal name | Padmasingh, Sharma . |
| 245 00 - TITLE STATEMENT | |
| Title | Raja Radhikaraman prasadsingh / |
| 260 ## - PUBLICATION, DISTRIBUTION, ETC. (IMPRINT) | |
| Place of publication | Delhi : |
| Name of publisher | Bansal and company , |
| Year of publication | 1961. |
| 300 ## - PHYSICAL DESCRIPTION | |
| Number of Pages | 274 ; . |
| 700 1# - ADDED ENTRY--PERSONAL NAME | |
| Personal name | kamelesh, . |
No items available.
